Εφηρμοσμένο Marketing
Αποθηκεύτηκε σε:
| Κύριος συγγραφέας: | |
|---|---|
| Μορφή: | Βιβλίο |
| Γλώσσα: | Greek |
| Δημοσίευση: |
Αθήνα :
Σύγχρονη Εκδοτική,
1992
|
| Θέματα: | |
| Ετικέτες: |
Προσθήκη ετικέτας
Δεν υπάρχουν, Καταχωρήστε ετικέτα πρώτοι!
|
MARC
| LEADER | 00000nam a2200000 i 4500 | ||
|---|---|---|---|
| 001 | 1/36812 | ||
| 008 | 960924s1992 gre d | ||
| 020 | |a 960-7344-00-6 | ||
| 035 | |l 10024560 | ||
| 040 | |a GR-MY-UA |b gre |e aacr | ||
| 041 | 0 | |a gre | |
| 082 | 0 | |a 658.8 | |
| 100 | 1 | |a Κυριαζόπουλος, Παναγιώτης Γ. | |
| 245 | 1 | 0 | |a Εφηρμοσμένο Marketing / |c Παν.Γ. Κυριαζόπουλος |
| 260 | |a Αθήνα : |b Σύγχρονη Εκδοτική, |c 1992 | ||
| 300 | |a 320 σ. | ||
| 500 | |a Περιέχει βιβλιογραφία | ||
| 650 | 0 | 0 | |a Marketing. |
| 852 | |a INST |b CHIOS |e 19960924 |h 658.8 ΚΥΡ |p 005200011675 |q 005200011675 |t BK |y 0 | ||
| 909 | |a Χ |b 045314 | ||